LIBRARY & INFORMATION CENTRE, KCAET, TAVANUR

ONLINE PUBLIC ACCESS CATALOGUE (OPAC)

Engineering chemistry / (Record no. 1665)

MARC details
000 -LEADER
fixed length control field 00463cam a2200193ua 4500
041 ## - LANGUAGE CODE
Language code of text/sound track or separate title eng
082 ## - DEWEY DECIMAL CLASSIFICATION NUMBER
Classification number 540.2462
Item number MOH/EN
100 ## - MAIN ENTRY--AUTHOR NAME
Personal name Mohan, K.M .
245 ## - TITLE STATEMENT
Title Engineering chemistry /
250 ## - EDITION STATEMENT
Edition statement 3 /
260 ## - PUBLICATION, DISTRIBUTION, ETC. (IMPRINT)
Place of publication Coimbatore :
Name of publisher Pratheeba publishers ,
Year of publication 1991.
300 ## - PHYSICAL DESCRIPTION
Number of Pages ; .
700 1# - ADDED ENTRY--PERSONAL NAME
Personal name Shanthi, V.T .
942 ## - ADDED ENTRY ELEMENTS (KOHA)
Koha item type Books
Holdings
Withdrawn status Lost status Damaged status Home library Current library Date acquired Full call number Accession Number Koha item type
      KAUAET KAUAET 07/04/2012 540.2462 18057 Books
free website counter